[Event "FRA-ch High Schools"]
[Site "Asnieres sur Seine"]
[Date "2018.05.06"]
[Round "9.4"]
[White "Grigorian, Roudolph"]
[Black "Rouffignac, Tanguy"]
[Result "1-0"]
[WhiteElo "2083"]
[BlackElo "2258"]
[PlyCount "45"]
[EventDate "2018.05.12"]
[EventType "swiss (rapid)"]
[EventRounds "17"]
[EventCountry "FRA"]
[SourceTitle "EXT 2019"]
[Source "ChessBase"]
[SourceDate "2018.10.10"]
[SourceVersion "1"]
[SourceVersionDate "2018.10.10"]
[SourceQuality "1"]

1. e4 e5 2. Nf3 Nc6 3. d4 exd4 4. Nxd4 Qf6 5. Nxc6 Bc5 6. Qf3 bxc6 7. Nc3 Bd4 8. Bc4 Qxf3 9. gxf3 Rb8 10. Ne2 Bf6 11. c3 Ne7 12. Nf4 g6 13. Kd1 0-0 14. Kc2 Rd8 15. Be3 d5 16. Rad1 Bb7 17. Bb3 a5 18. Nd3 Ba6 19. Rd2 Bb5 20. Nc5 Nc8 21. a4 Bc4 22. Bxc4 dxc4 23. Nd7 1-0

[Event "FRA-ch High Schools"]
[Site "Asnieres sur Seine"]
[Date "2018.05.06"]
[Round "7.3"]
[White "Rouffignac, Tanguy"]
[Black "Leveque, Guillaume"]
[Result "1-0"]
[WhiteElo "2258"]
[BlackElo "2180"]
[PlyCount "85"]
[EventDate "2018.05.12"]
[EventType "swiss (rapid)"]
[EventRounds "17"]
[EventCountry "FRA"]
[SourceTitle "EXT 2019"]
[Source "ChessBase"]
[SourceDate "2018.10.10"]
[SourceVersion "1"]
[SourceVersionDate "2018.10.10"]
[SourceQuality "1"]

1. e4 c5 2. Nc3 e6 3. Nf3 Nc6 4. d4 cxd4 5. Nxd4 Nf6 6. Ndb5 d6 7. Bf4 e5 8. Bg5 Be7 9. Bxf6 gxf6 10. Nd5 Rb8 11. Nbc7+ Kf8 12. Qh5 Be6 13. Qh6+ Kg8 14. 0-0-0 f5 15. Nxe6 fxe6 16. Qxe6+ Kg7 17. Nxe7 Qxe7 18. Qxe7+ Nxe7 19. Rxd6 fxe4 20. Bc4 Rhf8 21. Rd7 Kf6 22. Re1 b5 23. Bb3 Rbd8 24. Rxd8 Rxd8 25. Rxe4 Nf5 26. c3 a6 27. Bc2 Nd6 28. Rh4 Nc4 29. Rxh7 Rg8 30. Rh6+ Ke7 31. Rg6 Rf8 32. f3 a5 33. Be4 Rd8 34. h4 Ne3 35. Bc2 Kf7 36. h5 b4 37. g4 bxc3 38. bxc3 Nd5 39. Bb3 Ke7 40. Bxd5 Rxd5 41. h6 Kf7 42. Rg7+ Kf6 43. g5+ 1-0

[Event "FRA-ch High Schools"]
[Site "Asnieres sur Seine"]
[Date "2018.05.06"]
[Round "8.1"]
[White "Rouffignac, Tanguy"]
[Black "Sochacki, Wojtek"]
[Result "0-1"]
[WhiteElo "2258"]
[BlackElo "2261"]
[PlyCount "178"]
[EventDate "2018.05.12"]
[EventType "swiss (rapid)"]
[EventRounds "17"]
[EventCountry "FRA"]
[SourceTitle "EXT 2019"]
[Source "ChessBase"]
[SourceDate "2018.10.10"]
[SourceVersion "1"]
[SourceVersionDate "2018.10.10"]
[SourceQuality "1"]

1. e4 e5 2. Nf3 Nc6 3. Bb5 a6 4. Ba4 Nf6 5. 0-0 Be7 6. Re1 b5 7. Bb3 0-0 8. c3 d6 9. h3 Nb8 10. d4 Nbd7 11. Nbd2 Bb7 12. Bc2 c5 13. d5 Re8 14. Nf1 c4 15. b3 cxb3 16. axb3 a5 17. Bd3 Ba6 18. Be3 Qc7 19. Qd2 Nc5 20. Bxc5 dxc5 21. Qa2 c4 22. bxc4 bxc4 23. Bc2 Bb5 24. Ba4 Reb8 25. N1d2 Nd7 26. Reb1 Bxa4 27. Qxa4 Nb6 28. Qb5 a4 29. Qc6 Qxc6 30. dxc6 Bd6 31. Rb5 f6 32. Nb1 Kf7 33. Na3 Ke6 34. Nd2 Bxa3 35. Rxa3 Kd6 36. Rxb6 Rxb6 37. Nxc4+ Kxc6 38. Nxb6 Kxb6 39. Kf1 Kb5 40. Ke2 Rd8 41. Ra1 Rd7 42. Ke3 Ra7 43. Ra3 Rb7 44. Ra1 Rc7 45. Kd3 Rd7+ 46. Kc2 g6 47. Rb1+ Ka5 48. f3 a3 49. Rb8 f5 50. Ra8+ Kb5 51. Rxa3 fxe4 52. fxe4 Rf7 53. Ra8 Rf2+ 54. Kb3 Rxg2 55. Re8 Rg5 56. c4+ Kc5 57. Rc8+ Kd4 58. c5 Rg3+ 59. Kb4 Rxh3 60. c6 Rh1 61. c7 Rb1+ 62. Ka3 Kc3 63. Ka2 Rb7 64. Re8 Rxc7 65. Rxe5 Ra7+ 66. Kb1 Kd4 67. Re8 Rc7 68. Kb2 h5 69. e5 Kd5 70. e6 Kd6 71. Rg8 Kxe6 72. Rxg6+ Kf5 73. Rh6 Kg5 74. Rh8 h4 75. Rg8+ Kf4 76. Rf8+ Kg4 77. Rg8+ Kf3 78. Rf8+ Ke2 79. Re8+ Kf3 80. Rf8+ Kg2 81. Rg8+ Kh2 82. Rh8 h3 83. Rg8 Kh1 84. Rh8 Kh2 85. Rg8 Rc4 86. Rh8 Rg4 87. Kc2 Kg2 88. Rd8 h2 89. Rd2+ Kh3 0-1

[Event "FRA-ch High Schools"]
[Site "Asnieres sur Seine"]
[Date "2018.05.05"]
[Round "1.3"]
[White "Aouachria, Marwa"]
[Black "Rouffignac, Tanguy"]
[Result "0-1"]
[WhiteElo "1442"]
[BlackElo "2258"]
[PlyCount "44"]
[EventDate "2018.05.12"]
[EventType "swiss (rapid)"]
[EventRounds "17"]
[EventCountry "FRA"]
[SourceTitle "EXT 2019"]
[Source "ChessBase"]
[SourceDate "2018.10.10"]
[SourceVersion "1"]
[SourceVersionDate "2018.10.10"]
[SourceQuality "1"]

1. e4 Nf6 2. e5 Nd5 3. c4 Nb6 4. d4 d6 5. Nf3 Bg4 6. h3 Bxf3 7. Qxf3 Nc6 8. Qc3 dxe5 9. dxe5 e6 10. a3 Qd4 11. Be3 Qxe5 12. Be2 0-0-0 13. 0-0 Be7 14. Qxe5 Nxe5 15. Bxb6 axb6 16. f4 Nc6 17. b4 Nd4 18. Bd1 Nf5 19. Kf2 Bh4+ 20. Kf3 Rd3+ 21. Ke2 Rhd8 22. Bc2 Re3# 0-1

[Event "FRA-ch High Schools"]
[Site "Asnieres sur Seine"]
[Date "2018.05.05"]
[Round "3.7"]
[White "Sellak, Moussa"]
[Black "Rouffignac, Tanguy"]
[Result "0-1"]
[WhiteElo "1399"]
[BlackElo "2258"]
[PlyCount "72"]
[EventDate "2018.05.12"]
[EventType "swiss (rapid)"]
[EventRounds "17"]
[EventCountry "FRA"]
[SourceTitle "EXT 2019"]
[Source "ChessBase"]
[SourceDate "2018.10.10"]
[SourceVersion "1"]
[SourceVersionDate "2018.10.10"]
[SourceQuality "1"]

1. e4 Nf6 2. Nc3 e5 3. Bd3 Bc5 4. h3 a6 5. Nf3 d6 6. Ne2 0-0 7. c3 Re8 8. Ng3 d5 9. 0-0 dxe4 10. Bxe4 Nxe4 11. Nxe4 Bf8 12. Ng3 e4 13. Ne1 Bd7 14. a4 Nc6 15. d3 exd3 16. Qxd3 Na5 17. b4 Nb3 18. Ra3 Nxc1 19. Qc2 Be6 20. Qxc1 Bc4 21. Nc2 Bxf1 22. Qxf1 Qd2 23. Nd4 Re1 24. a5 Bd6 25. Nf3 Rxf1+ 26. Nxf1 Qb2 27. Nd4 Qxa3 28. Ne3 Qc1+ 29. Nf1 Re8 30. Nf3 Re2 31. g3 Qb2 32. Nh4 Rxf2 33. Ne3 Bxg3 34. Nhg2 Qc1+ 35. Ne1 Qxe1+ 36. Nf1 Qxf1# 0-1

[Event "Paris European Corporate 1st"]
[Site "Paris"]
[Date "2017.11.24"]
[Round "1.2"]
[White "Khismatullin, Denis Rimovich"]
[Black "Rouffignac, Tanguy"]
[Result "1-0"]
[WhiteElo "2632"]
[BlackElo "2278"]
[PlyCount "64"]
[EventDate "2017.11.24"]
[EventType "team-swiss"]
[EventRounds "9"]
[EventCountry "FRA"]
[SourceTitle "CBM 181 Extra"]
[Source "ChessBase"]
[SourceDate "2017.12.12"]
[SourceVersion "1"]
[SourceVersionDate "2017.12.12"]
[SourceQuality "1"]
[WhiteTeam "Sberbank"]
[BlackTeam "UrbanHello"]
[WhiteTeamCountry "RUS"]
[BlackTeamCountry "FRA"]

1. d4 Nf6 2. c4 g6 3. g3 d5 4. Bg2 Bg7 5. cxd5 Nxd5 6. Nf3 Nc6 7. 0-0 Nb6 8. e3 0-0 9. Nc3 e5 10. d5 Ne7 11. e4 Nc4 12. Re1 Bg4 13. Qb3 Nd6 14. Be3 Kh8 15. Rac1 f5 16. exf5 Bxf3 17. Bxf3 Nexf5 18. Ne4 Nxe3 19. Qxe3 Nf5 20. Qc5 Nd4 21. Bg2 Rf7 22. d6 c6 23. Rcd1 Qf8 24. f4 b6 25. Qc4 b5 26. Qc5 Ne6 27. Qxc6 exf4 28. Nc5 Bd4+ 29. Rxd4 Nxd4 30. Qxa8 f3 31. Qxf8+ Rxf8 32. Rd1 Nc2 1-0

[Event "Paris-ch 92nd"]
[Site "Paris"]
[Date "2017.07.22"]
[Round "9"]
[White "Meunier, Clement1111"]
[Black "Rouffignac, Tanguy"]
[Result "0-1"]
[WhiteElo "2267"]
[BlackElo "2294"]
[PlyCount "102"]
[EventDate "2017.07.14"]
[EventType "swiss"]
[EventRounds "9"]
[EventCountry "FRA"]
[SourceTitle "EXT 2018"]
[Source "ChessBase"]
[SourceDate "2017.10.13"]
[SourceVersion "1"]
[SourceVersionDate "2017.10.13"]
[SourceQuality "1"]

1. e4 e5 2. Nf3 Nc6 3. Bc4 Bc5 4. b4 Bxb4 5. c3 Be7 6. d4 Na5 7. Bd3 exd4 8. cxd4 d5 9. Qa4+ Nc6 10. exd5 Qxd5 11. 0-0 Nf6 12. Nc3 Qa5 13. Qxa5 Nxa5 14. Nb5 Kd8 15. Ng5 Be6 16. Nxe6+ fxe6 17. Re1 Kd7 18. Bd2 Nc6 19. Bc4 Nd5 20. Rab1 a6 21. Nc3 Bb4 22. Ne4 Bxd2 23. Nxd2 b5 24. Bxd5 exd5 25. Nb3 Kd6 26. Nc5 Nxd4 27. Rbc1 Rae8 28. Nb7+ Kd7 29. Nc5+ Kc8 30. Rxe8+ Rxe8 31. Kf1 a5 32. Rd1 Nc2 33. g3 c6 34. Rc1 Na3 35. f4 Nc4 36. Kf2 Kc7 37. g4 Nd2 38. Nd3 Kd6 39. Ne5 Nc4 40. Nf3 c5 41. f5 Ne5 42. Kg3 Nxf3 43. Kxf3 d4 44. g5 d3 45. a4 b4 46. Kf4 Kd5 47. f6 gxf6 48. gxf6 c4 49. Rg1 d2 50. Rg7 Ke6 51. f7 Rf8 0-1

[Event "Paris-ch 92nd"]
[Site "Paris"]
[Date "2017.07.19"]
[Round "6"]
[White "Mouhamad, Joachin"]
[Black "Rouffignac, Tanguy"]
[Result "1-0"]
[WhiteElo "2290"]
[BlackElo "2294"]
[PlyCount "89"]
[EventDate "2017.07.14"]
[EventType "swiss"]
[EventRounds "9"]
[EventCountry "FRA"]
[SourceTitle "EXT 2018"]
[Source "ChessBase"]
[SourceDate "2017.10.13"]
[SourceVersion "1"]
[SourceVersionDate "2017.10.13"]
[SourceQuality "1"]

1. e4 e5 2. Nf3 Nc6 3. Bb5 a6 4. Ba4 Nf6 5. 0-0 b5 6. Bb3 Bb7 7. d3 Bd6 8. a4 0-0 9. Nc3 b4 10. Ne2 h6 11. Ng3 Re8 12. a5 Bf8 13. Re1 d5 14. Bd2 dxe4 15. dxe4 Nd4 16. Nxd4 Qxd4 17. c3 bxc3 18. Bxc3 Qa7 19. h3 Bc5 20. Qf3 Rad8 21. Rad1 Rxd1 22. Rxd1 Bc6 23. Bc4 Qb7 24. Re1 Rd8 25. Nh5 Nxh5 26. Qxf7+ Kh8 27. Qxh5 Bd4 28. Qe2 Qa7 29. Bxa6 Bxe4 30. Bc4 Ba8 31. Bxd4 Rxd4 32. a6 Re4 33. Qd2 Rxe1+ 34. Qxe1 Qd4 35. Qb4 Kh7 36. Qc3 Qd1+ 37. Kh2 e4 38. Qe5 Qd8 39. b4 Qf8 40. Be6 Qd8 41. b5 Kh8 42. Bf7 e3 43. fxe3 Kh7 44. Qf5+ Kh8 45. Qe6 1-0

[Event "Brasschaat op 15th"]
[Site "Brasschaat"]
[Date "2015.08.23"]
[Round "9"]
[White "Rouffignac, Tanguy"]
[Black "Van Bunderen, Gert"]
[Result "1-0"]
[WhiteElo "2245"]
[BlackElo "1846"]
[PlyCount "91"]
[EventDate "2015.08.15"]
[EventType "swiss"]
[EventRounds "9"]
[EventCountry "BEL"]
[SourceTitle "EXT 2016"]
[Source "ChessBase"]
[SourceDate "2015.10.08"]
[SourceVersion "1"]
[SourceVersionDate "2015.10.08"]
[SourceQuality "1"]

1. e4 c6 2. d4 d5 3. Nc3 dxe4 4. Nxe4 Bf5 5. Ng3 Bg6 6. h4 h6 7. Nf3 Nd7 8. h5 Bh7 9. Bd3 Bxd3 10. Qxd3 e6 11. Bf4 Ngf6 12. Ne4 Nxe4 13. Qxe4 Nf6 14. Qe2 Bd6 15. Ne5 Qc7 16. 0-0-0 0-0-0 17. Kb1 Rhf8 18. g4 Nd5 19. Bd2 c5 20. c4 Bxe5 21. dxe5 Ne7 22. Bc3 Nc6 23. Qe3 b6 24. f3 Qe7 25. Rd6 Qb7 26. Rhd1 Rfe8 27. Qe4 Kc7 28. R1d3 Rg8 29. b3 a5 30. a4 Qa8 31. Qf4 Rgf8 32. Rxd8 Nxd8 33. g5 Qc6 34. gxh6 gxh6 35. Qxh6 Qe8 36. Qf6 Rh8 37. h6 Nc6 38. Bd2 Nd4 39. Bg5 Kc6 40. Qf4 Nf5 41. Bf6 Nd4 42. h7 Kc7 43. Bxh8 Qxh8 44. Qxf7+ Kc6 45. Qg8 Qxe5 46. Qc8+ 1-0

[Event "Brasschaat op 15th"]
[Site "Brasschaat"]
[Date "2015.08.19"]
[Round "5"]
[White "Rouffignac, Tanguy"]
[Black "Naalden, Marc"]
[Result "0-1"]
[WhiteElo "2245"]
[BlackElo "1975"]
[PlyCount "72"]
[EventDate "2015.08.15"]
[EventType "swiss"]
[EventRounds "9"]
[EventCountry "BEL"]
[SourceTitle "EXT 2016"]
[Source "ChessBase"]
[SourceDate "2015.10.08"]
[SourceVersion "1"]
[SourceVersionDate "2015.10.08"]
[SourceQuality "1"]

1. e4 e5 2. Nf3 Nc6 3. Bb5 a6 4. Ba4 Nf6 5. 0-0 b5 6. Bb3 Be7 7. Re1 0-0 8. c3 d5 9. d4 Nxe4 10. dxe5 Be6 11. Nbd2 Nxd2 12. Bxd2 Na5 13. Bc2 Nc4 14. Bf4 g6 15. b3 Na3 16. Bd3 b4 17. cxb4 Bxb4 18. Bg5 Be7 19. Bh6 Re8 20. Nd4 Bc5 21. Be3 Bf8 22. Qc1 c5 23. Nxe6 Rxe6 24. Bg5 Qa5 25. Bf6 c4 26. Bf5 Rxf6 27. exf6 gxf5 28. Qg5+ Kh8 29. Re3 Qd2 30. Qh5 Qd4 31. Rd1 Qxf6 32. Rxd5 c3 33. Rxf5 c2 34. Re1 Qh6 35. f4 Qxh5 36. Rxh5 Rd8 0-1

[Event "FRA-ch U20"]
[Site "Pau"]
[Date "2015.05.03"]
[Round "9"]
[White "Aflalo, Sophie"]
[Black "Rouffignac, Tanguy"]
[Result "0-1"]
[WhiteElo "2105"]
[BlackElo "2278"]
[PlyCount "124"]
[EventDate "2015.04.26"]
[EventType "swiss"]
[EventRounds "9"]
[EventCountry "FRA"]
[SourceTitle "CBM 166 Extra"]
[Source "ChessBase"]
[SourceDate "2015.06.18"]
[SourceVersion "1"]
[SourceVersionDate "2015.06.18"]
[SourceQuality "1"]

1. d4 Nf6 2. c4 g6 3. Nc3 Bg7 4. e4 d6 5. f3 0-0 6. Be3 a6 7. Qd2 Nbd7 8. Nge2 c5 9. 0-0-0 Qa5 10. Kb1 b5 11. Nd5 Nxd5 12. Qxa5 Nxe3 13. Rc1 Nxc4 14. Qc7 Rb8 15. dxc5 Bxb2 16. Nc3 Rb7 17. Qc6 Bxc1 18. Kxc1 Nxc5 19. Bxc4 bxc4 20. Kd2 Bd7 21. Qd5 Be6 22. Qd4 Rb2+ 23. Ke3 Rfb8 24. e5 Rc2 25. exd6 exd6 26. Kf4 Rxg2 27. Qxd6 Nd3+ 28. Ke3 Re8 29. Ne4 Bf5 30. Qc6 Re6 31. Qxc4 Bxe4 32. fxe4 Ne5 33. Qd5 Kg7 34. a4 h5 35. h3 Rg3+ 36. Ke2 g5 37. Rc1 Rxh3 38. Rc8 Rh2+ 39. Ke3 Ng4+ 40. Kd3 Nf2+ 41. Kc4 Nxe4 42. Qd4+ Nf6 43. Kb3 Rh3+ 44. Kc2 Re2+ 45. Kb1 Rh1+ 46. Rc1 Rxc1+ 47. Kxc1 Re6 48. Qc5 Ne4 49. Qd4+ Kg6 50. Qh8 Nf6 51. Qd8 h4 52. Qd3+ Kh6 53. Qh3 Re4 54. a5 Rf4 55. Qc8 g4 56. Qxa6 h3 57. Qd6 Kg5 58. Qd2 g3 59. Qe3 g2 60. Kc2 h2 61. Qg3+ Ng4 62. Qxg2 Rf2+ 0-1

[Event "FRA-ch U20"]
[Site "Pau"]
[Date "2015.05.01"]
[Round "7"]
[White "Marimoutou, Loic"]
[Black "Rouffignac, Tanguy"]
[Result "1/2-1/2"]
[WhiteElo "2056"]
[BlackElo "2278"]
[PlyCount "159"]
[EventDate "2015.04.26"]
[EventType "swiss"]
[EventRounds "9"]
[EventCountry "FRA"]
[SourceTitle "CBM 166 Extra"]
[Source "ChessBase"]
[SourceDate "2015.06.18"]
[SourceVersion "1"]
[SourceVersionDate "2015.06.18"]
[SourceQuality "1"]

1. e4 Nf6 2. e5 Nd5 3. Nc3 Nxc3 4. dxc3 d6 5. Bc4 Nc6 6. Nf3 e6 7. Bf4 Be7 8. Qd2 dxe5 9. Qxd8+ Bxd8 10. Nxe5 Nxe5 11. Bxe5 Rg8 12. 0-0-0 Bd7 13. Rhe1 Bf6 14. Bd3 Bxe5 15. Rxe5 g6 16. Re3 h5 17. Be4 c6 18. f4 Ke7 19. Red3 Rad8 20. Kd2 Bc8 21. Ke3 Rd7 22. b4 Rgd8 23. Rxd7+ Rxd7 24. Rxd7+ Bxd7 25. Kd4 Be8 26. c4 f6 27. c5 g5 28. g3 h4 29. a4 hxg3 30. hxg3 gxf4 31. gxf4 Kd7 32. Bh7 Bf7 33. Be4 Bh5 34. Bd3 Bf3 35. Ke3 Bd1 36. a5 a6 37. Kd4 Bf3 38. Ke3 Bg4 39. Kd4 Bh3 40. c3 Bg2 41. Be2 Ke7 42. Bd1 Kf7 43. Bh5+ Ke7 44. Bg4 Bf1 45. Bh5 Bg2 46. Bd1 Kd7 47. Bb3 Ke7 48. Bc4 Bd5 49. Bd3 Bf3 50. c4 Kd7 51. b5 Bd1 52. b6 Bh5 53. Be4 Be8 54. Bf3 Ke7 55. Be2 Kf7 56. Bh5+ Kf8 57. Bg4 Bd7 58. Bf3 Kg7 59. Ke4 Kh6 60. Be2 Be8 61. Bf3 Bh5 62. Bg2 Bg6+ 63. Kd4 Be8 64. Bf3 Kg6 65. Bg4 Bd7 66. Ke3 Kg7 67. Kf3 f5 68. Bh5 Kf6 69. Ke3 e5 70. Be2 Be8 71. Bf3 Ke6 72. Bg2 e4 73. Bf1 Bh5 74. Kd4 Kf6 75. Bg2 Be2 76. Bh3 Bd3 77. Bg2 Bc2 78. Bf1 Bd1 79. Bg2 Bg4 80. Bf1 1/2-1/2

[Event "FRA-ch U20"]
[Site "Pau"]
[Date "2015.04.27"]
[Round "3"]
[White "Valcrose, Thomas"]
[Black "Rouffignac, Tanguy"]
[Result "1/2-1/2"]
[WhiteElo "1801"]
[BlackElo "2278"]
[PlyCount "94"]
[EventDate "2015.04.26"]
[EventType "swiss"]
[EventRounds "9"]
[EventCountry "FRA"]
[SourceTitle "CBM 166 Extra"]
[Source "ChessBase"]
[SourceDate "2015.06.18"]
[SourceVersion "1"]
[SourceVersionDate "2015.06.18"]
[SourceQuality "1"]

1. e4 e5 2. Nf3 Nc6 3. Nc3 Nf6 4. Bb5 Bc5 5. Nxe5 Nxe5 6. d4 Bd6 7. dxe5 Bxe5 8. 0-0 0-0 9. Qd3 c6 10. Bc4 b5 11. Bb3 a5 12. a4 b4 13. Ne2 Ba6 14. Bc4 Bxh2+ 15. Kxh2 Ng4+ 16. Kg1 Ne5 17. Bxa6 Nxd3 18. Bxd3 d5 19. Be3 Re8 20. exd5 Qxd5 21. Rad1 Qe5 22. b3 c5 23. Bf4 Qf6 24. Bg3 h5 25. Nf4 h4 26. Nd5 Qh6 27. Bf4 g5 28. Bc1 h3 29. Bb2 Kf8 30. Nf6 Re6 31. Nd7+ Ke7 32. Nxc5 Qh4 33. g3 Qg4 34. Nxe6 Qf3 35. Nf4 gxf4 36. Be4 h2+ 37. Kxh2 fxg3+ 38. fxg3 Qh5+ 39. Kg2 Qe2+ 40. Kg1 Qe3+ 41. Kh2 Qe2+ 42. Kg1 Qe3+ 43. Kh2 Ra6 44. Bd3 Qh6+ 45. Kg2 Qc6+ 46. Kh2 Qh6+ 47. Kg2 Qc6+ 1/2-1/2

[Event "FRA-ch U26 rapid"]
[Site "Chalons en Champagne"]
[Date "2015.03.29"]
[Round "9"]
[White "Dubessay, Bastien"]
[Black "Rouffignac, Tanguy"]
[Result "0-1"]
[WhiteElo "2360"]
[BlackElo "2230"]
[PlyCount "84"]
[EventDate "2015.03.28"]
[EventType "swiss (rapid)"]
[EventRounds "9"]
[EventCountry "FRA"]
[SourceTitle "CBM 165 Extra"]
[Source "ChessBase"]
[SourceDate "2015.04.21"]
[SourceVersion "1"]
[SourceVersionDate "2015.04.21"]
[SourceQuality "1"]

1. d4 Nf6 2. c4 g6 3. Nc3 Bg7 4. e4 d6 5. f3 0-0 6. Bg5 c6 7. Qd2 a6 8. Bd3 b5 9. Nge2 Nbd7 10. 0-0 Bb7 11. Kh1 bxc4 12. Bxc4 d5 13. Bd3 c5 14. e5 cxd4 15. exf6 exf6 16. Bh4 dxc3 17. Nxc3 Ne5 18. Be2 d4 19. Ne4 Bxe4 20. fxe4 d3 21. Bd1 Rc8 22. Bb3 Nc4 23. Bxc4 Rxc4 24. Rf3 Rxe4 25. Rxd3 Qe7 26. Bg3 Re2 27. Qa5 Qb7 28. Qd5 Qxb2 29. Rad1 Qxa2 30. Qb7 f5 31. Bd6 Rfe8 32. h3 Re1+ 33. Rxe1 Rxe1+ 34. Kh2 Re8 35. Bf4 Qc4 36. Rf3 h6 37. Qd7 Re4 38. Bg3 Kh7 39. Qd8 Be5 40. Bxe5 Rxe5 41. Qf6 Qe6 42. Qd8 Re1 0-1

[Event "FRA-ch U26 rapid"]
[Site "Chalons en Champagne"]
[Date "2015.03.29"]
[Round "7"]
[White "Rouffignac, Tanguy"]
[Black "Viers, Emmanuel"]
[Result "1-0"]
[WhiteElo "2230"]
[BlackElo "2200"]
[PlyCount "97"]
[EventDate "2015.03.28"]
[EventType "swiss (rapid)"]
[EventRounds "9"]
[EventCountry "FRA"]
[SourceTitle "CBM 165 Extra"]
[Source "ChessBase"]
[SourceDate "2015.04.21"]
[SourceVersion "1"]
[SourceVersionDate "2015.04.21"]
[SourceQuality "1"]

1. e4 c5 2. Nf3 Nc6 3. Nc3 g6 4. d4 cxd4 5. Nxd4 Bg7 6. Be3 Nf6 7. Bc4 Qa5 8. 0-0 0-0 9. Bb3 d6 10. h3 Bd7 11. Re1 Rac8 12. Qd3 Rfd8 13. Nd5 Nxd5 14. exd5 Ne5 15. Qe2 b5 16. a4 bxa4 17. f4 Qc7 18. Bxa4 Bxa4 19. Rxa4 Qd7 20. b3 Re8 21. fxe5 dxe5 22. Nf3 Qxd5 23. Rd1 Qc6 24. Rc4 Qb7 25. Rxc8 Rxc8 26. Ra1 e4 27. Nd4 f5 28. Ra4 f4 29. Bxf4 e5 30. Ne6 exf4 31. Nxg7 Kxg7 32. Rxe4 Rc7 33. Rxf4 Re7 34. Qf2 Qb6 35. Qxb6 axb6 36. Kf2 Re5 37. Kf3 g5 38. Re4 Rc5 39. Rc4 Re5 40. Rc6 b5 41. b4 Rf5+ 42. Kg3 Kf7 43. Rc5 Rxc5 44. bxc5 Ke6 45. Kg4 Kd5 46. Kxg5 Kxc5 47. Kh6 Kc4 48. Kxh7 Kc3 49. g4 1-0

[Event "FRA-ch U26 rapid"]
[Site "Chalons en Champagne"]
[Date "2015.03.28"]
[Round "5"]
[White "Rouffignac, Tanguy"]
[Black "Loiseau, Quentin"]
[Result "0-1"]
[WhiteElo "2230"]
[BlackElo "2630"]
[PlyCount "60"]
[EventDate "2015.03.28"]
[EventType "swiss (rapid)"]
[EventRounds "9"]
[EventCountry "FRA"]
[SourceTitle "CBM 165 Extra"]
[Source "ChessBase"]
[SourceDate "2015.04.21"]
[SourceVersion "1"]
[SourceVersionDate "2015.04.21"]
[SourceQuality "1"]

1. e4 c5 2. Nf3 e6 3. Nc3 a6 4. g3 b5 5. d4 cxd4 6. Nxd4 Bb7 7. Bg2 Nf6 8. 0-0 b4 9. Na4 Bxe4 10. Bxe4 Nxe4 11. Re1 Nc5 12. c4 Nxa4 13. Qxa4 Qb6 14. Be3 Bc5 15. Rad1 0-0 16. Nc2 Nc6 17. Rd6 Bxe3 18. Nxe3 Qc5 19. Red1 f5 20. Rxd7 Ne5 21. Rb7 f4 22. Rdd7 Nxd7 23. Qxd7 Qe5 24. Ng4 Qe1+ 25. Kg2 f3+ 26. Kh3 Qf1+ 27. Kh4 g5+ 28. Kxg5 Rf5+ 29. Kh4 Qh3+ 30. Kxh3 Rh5# 0-1

[Event "Plancoet op 11th"]
[Site "Plancoet"]
[Date "2014.07.31"]
[Round "6"]
[White "Vavric, Pavel"]
[Black "Rouffignac, Tanguy"]
[Result "1-0"]
[WhiteElo "2235"]
[BlackElo "2139"]
[PlyCount "141"]
[EventDate "2014.07.27"]
[EventType "swiss"]
[EventRounds "9"]
[EventCountry "FRA"]
[SourceTitle "CBM 161 Extra"]
[Source "ChessBase"]
[SourceDate "2014.08.29"]
[SourceVersion "1"]
[SourceVersionDate "2014.08.29"]
[SourceQuality "1"]

1. e4 e5 2. Nf3 Nc6 3. Bb5 a6 4. Ba4 Nf6 5. 0-0 b5 6. Bb3 Bb7 7. Re1 Bc5 8. c3 0-0 9. d4 Bb6 10. Bg5 h6 11. Bh4 d6 12. Qd3 Na5 13. Bc2 c5 14. dxe5 dxe5 15. Qxd8 Raxd8 16. Nbd2 g5 17. Bg3 g4 18. Bxe5 gxf3 19. Nxf3 Nh7 20. Bf4 h5 21. Nh4 Bc8 22. Re3 Rfe8 23. Rg3+ Kh8 24. Nf3 Rg8 25. Ne5 Rxg3 26. Nxf7+ Kg7 27. Nxd8 Rg4 28. Be5+ Kf8 29. Rd1 Ke8 30. Ne6 Nc4 31. Bc7 Bxe6 32. Bxb6 Nxb6 33. Rd6 Bxa2 34. Rxb6 Nf8 35. Rxa6 Be6 36. Rc6 c4 37. Rc5 Bd7 38. Rxh5 Rg6 39. Rd5 Bh3 40. g3 Ra6 41. f3 Ra1+ 42. Rd1 Ra2 43. Rb1 Be6 44. Kf2 b4 45. cxb4 c3 46. Ke3 Rxb2 47. Kd3 Ba2 48. Ra1 Bb3 49. Rc1 Bxc2+ 50. Rxc2 Rxb4 51. Rxc3 Rb1 52. f4 Ne6 53. h4 Rd1+ 54. Ke2 Ra1 55. f5 Ng7 56. g4 Rh1 57. Rc8+ Kf7 58. Rc7+ Kf8 59. h5 Ne8 60. Rc8 Rh3 61. Kf2 Kf7 62. e5 Ng7 63. Rh8 Ne8 64. g5 Nf6 65. e6+ Kg7 66. gxf6+ Kxh8 67. e7 Rh2+ 68. Kg3 Rh3+ 69. Kf4 Rh4+ 70. Kg5 Ra4 71. f7 1-0

[Event "Plancoet op 11th"]
[Site "Plancoet"]
[Date "2014.07.27"]
[Round "1"]
[White "Rouffignac, Tanguy"]
[Black "Milchev, Nikolay"]
[Result "0-1"]
[WhiteElo "2139"]
[BlackElo "2424"]
[PlyCount "108"]
[EventDate "2014.07.27"]
[EventType "swiss"]
[EventRounds "9"]
[EventCountry "FRA"]
[SourceTitle "CBM 161 Extra"]
[Source "ChessBase"]
[SourceDate "2014.08.29"]
[SourceVersion "1"]
[SourceVersionDate "2014.08.29"]
[SourceQuality "1"]

1. e4 g6 2. d4 Bg7 3. Nc3 c6 4. h3 d6 5. Be3 Nf6 6. f4 0-0 7. Qf3 Qa5 8. Bd3 Na6 9. Nge2 Nb4 10. 0-0 d5 11. e5 Ne8 12. g4 Nxd3 13. cxd3 f5 14. Ng3 Nc7 15. a3 Qa6 16. Qe2 Bd7 17. Rfc1 b5 18. b4 fxg4 19. hxg4 Qc8 20. g5 a5 21. Na2 Qb7 22. Rf1 Bh3 23. Rf2 Ne6 24. Rh2 Bf5 25. bxa5 Rxa5 26. Nb4 Qa8 27. Qb2 c5 28. dxc5 d4 29. Nxf5 Rxf5 30. Qa2 Kf7 31. Bxd4 Rxf4 32. Rf2 Rxf2 33. Qxf2+ Ke8 34. Rf1 Nxg5 35. Qg3 Ne6 36. Qf2 Nxd4 37. Qxd4 Rxa3 38. Qf4 Kd8 39. Qd4+ Ke8 40. Qf4 Kd8 41. c6 Qa7+ 42. Kg2 Qc5 43. e6 Be5 44. Qe4 Bf6 45. Qd5+ Qxd5+ 46. Nxd5 Rxd3 47. c7+ Kc8 48. Rxf6 Rxd5 49. Rf7 Kxc7 50. Rxe7+ Kd6 51. Rxh7 Kxe6 52. Kf3 Rd7 53. Rh8 Rf7+ 54. Ke4 b4 0-1

[Event "Charleville Mezieres op 11th"]
[Site "Charleville Mezieres"]
[Date "2014.??.??"]
[Round "2"]
[White "Le Deuff, Frederic"]
[Black "Rouffignac, Tanguy"]
[Result "0-1"]
[WhiteElo "1760"]
[BlackElo "2265"]
[PlyCount "54"]
[EventDate "2014.12.26"]
[EventType "swiss"]
[EventRounds "7"]
[EventCountry "FRA"]
[SourceTitle "CBM 164 Extra"]
[Source "ChessBase"]
[SourceDate "2015.03.02"]
[SourceVersion "1"]
[SourceVersionDate "2015.03.02"]
[SourceQuality "1"]

1. e4 e5 2. Nc3 Nf6 3. Bc4 Nxe4 4. Qh5 Nd6 5. Bb3 Be7 6. Nf3 Nc6 7. d3 0-0 8. 0-0 g6 9. Qh3 Nf5 10. g4 Nfd4 11. Nxd4 Nxd4 12. f4 Nxb3 13. axb3 exf4 14. Bxf4 Bc5+ 15. Kh1 b6 16. Qf3 d5 17. Bh6 Be6 18. Bxf8 Bxf8 19. d4 c5 20. Ne2 Qh4 21. Rg1 Bd6 22. h3 h5 23. gxh5 Bxh3 24. Rg3 Bg4+ 25. Kg2 Bxf3+ 26. Rxf3 Qh2+ 27. Kf1 Qh1+ 0-1